| 000 | 00428pab a2200169 454500 | ||
|---|---|---|---|
| 008 | 180718b2017 xxu||||| |||| 00| 0 eng d | ||
| 100 | _aThomas, Deepa Mary | ||
| 245 | _aPsychosocial determinants of criminal psyche: an exploration | ||
| 260 | _c2017 | ||
| 300 | _ap.159-171. | ||
| 362 | _aApr-Sep | ||
| 650 | _aCriminals | ||
| 650 | _aCrime | ||
| 700 | _aJayan, C. | ||
| 773 | _aIndian Police Journal | ||
| 909 | _a117078 | ||
| 999 |
_c117072 _d117072 |
||